Most Populous Counties in North Carolina - Statistics

General Stats
  • This quiz has been taken 39 times
  • The average score is 10 of 15
Answer Stats
Population County % Correct
1,152,740 {Wake} County
95%
330,506 {Durham} County
89%
1,143,570 {Mecklenburg} County
86%
265,055 {Buncombe} County
73%
388,453 {Forsyth} County
70%
546,308 {Guilford} County
70%
238,907 {New Hanover} County
70%
228,327 {Gaston} County
68%
226,165 {Cabarrus} County
62%
339,667 {Cumberland} County
59%
247,917 {Union} County
59%
188,754 {Iredell} County
57%
222,633 {Johnston} County
43%
183,076 {Pitt} County
38%
199,984 {Onslow} County
32%
No matching quizzes found
Score Distribution
Percent of People with Each Score
Percentile by Number Answered
Your Score History
You have not taken this quiz